Fantastic future / (Record no. 5604)

MARC details
000 -LEADER
fixed length control field 01319nam a22002417a 4500
001 - CONTROL NUMBER
control field 5604
003 - CONTROL NUMBER IDENTIFIER
control field FISKH
005 - DATE AND TIME OF LATEST TRANSACTION
control field 20241220085205.0
008 - FIXED-LENGTH DATA ELEMENTS--GENERAL INFORMATION
fixed length control field 241220b cb ||||| |||| 00| 0 eng d
020 ## - INTERNATIONAL STANDARD BOOK NUMBER
International Standard Book Number 9780439973366
040 ## - CATALOGING SOURCE
Original cataloging agency FISKH
Language of cataloging eng
Transcribing agency FISKH
Modifying agency FISKH
082 ## - DEWEY DECIMAL CLASSIFICATION NUMBER
Classification number 500
100 ## - MAIN ENTRY--PERSONAL NAME
Personal name Goldsmith, Mike
245 ## - TITLE STATEMENT
Title Fantastic future /
Statement of responsibility, etc. By DR Mike Goldsmith : Illustrated by Daniel Postgate
260 ## - PUBLICATION, DISTRIBUTION, ETC.
Place of publication, distribution, etc. New York :
Name of publisher, distributor, etc. Scholastic ;
Date of publication, distribution, etc. 2004.
300 ## - PHYSICAL DESCRIPTION
Extent 144 pages :
Other physical details illustrations ;
Dimensions 21 cm .
490 ## - SERIES STATEMENT
Series statement The knowledge
520 ## - SUMMARY, ETC.
Summary, etc. In 30 years' time will you be holidaying on the moon? In 100 years' time could you genetically engineer your own pet? In 1000 years' time will you travel through space in an anti-matter-drive spaceship? This eye-opening guide predicts the future with a time-travelling trip through, well, time...Inside, visit vast skyscraper cities, make friends with robots and cyborgs, colonize far distant galaxies, and watch the very last star go out at the end of the universe. PLUS Read the Tomorrow's Times news reports from the future, discover how to terraform a desert planet and how to create a virtual you. If you want to be in the know, get The Knowledge
650 ## - SUBJECT ADDED ENTRY--TOPICAL TERM
Topical term or geographic name entry element future
Form subdivision Non-fiction
700 ## - ADDED ENTRY--PERSONAL NAME
Personal name Postgate, Daniel
Relator term illustrator
942 ## - ADDED ENTRY ELEMENTS (KOHA)
Source of classification or shelving scheme Dewey Decimal Classification
Koha item type Books
Suppress in OPAC No
Holdings
Withdrawn status Lost status Source of classification or shelving scheme Damaged status Not for loan Collection Home library Current library Shelving location Date acquired Total Checkouts Full call number Barcode Date last seen Copy number Price effective from Koha item type
    Dewey Decimal Classification     Non-Fiction Footprints International School Library Network Toul Kork Campus Footprints International School Library Network Toul Kork Campus A TK Campus, 4th Floor, Room B401, Non-Fiction Bookcases(7-8) 08/28/2025   GOL 500 FISTKG5B041 08/28/2025 4 08/28/2025 Books
    Dewey Decimal Classification     Non-Fiction Footprints International School Library Network Toul Tom Poung Campus Footprints International School Library Network Toul Tom Poung Campus TTP Secondary Non-Fiction Bookshelves 12/20/2024   GOL 500 FISSE00101 12/20/2024 1 12/20/2024 Books
    Dewey Decimal Classification     Non-Fiction Footprints International School Library Network Toul Tom Poung Campus Footprints International School Library Network Toul Tom Poung Campus TTP Secondary Non-Fiction Bookshelves 12/20/2024   GOL 500 FISSE00094 11/10/2025 2 12/20/2024 Books
    Dewey Decimal Classification     Non-Fiction Footprints International School Library Network Toul Tom Poung Campus Footprints International School Library Network Toul Tom Poung Campus TTP Secondary Non-Fiction Bookshelves 12/20/2024   GOL 500 2024-2492 12/20/2024 3 12/20/2024 Books